Discursos del Señor Presidente de la República (Registro nro. 1921)

Detalles MARC
000 -CABECERA
Longitud fija campo de control 00650cam a22001811 4500
001 - NÚMERO DE CONTROL
Número de control 3637655
003 - IDENTIFICADOR DELl NÚMERO DE CONTROL
Identificador del número de control OSt
005 - FECHA Y HORA DE LA ÚLTIMA TRANSACCIÓN
Fecha y hora de la última transacción 20131123102702.0
008 - CÓDIGOS DE INFORMACIÓN DE LONGITUD FIJA
Códigos de información de longitud fija 771031m1971 lsv spa
040 ## - FUENTE DE LA CATALOGACIÓN
Centro catalogador de origen DLC
Centro transcriptor BMC
Centro modificado DLC
082 ## - NÚMERO DE LA CLASIFICACIÓN DECIMAL DEWEY
Númeroo de clasificación 972.84052
100 1# - PUNTO DE ACCESO PRINCIPAL-NOMBRE DE PERSONA
9 (RLIN) 3229
Nombre de persona Sánchez Hernández, Fidel
Fechas asociadas al nombre 1917-2003
245 10 - MENCIÓN DE TÍTULO
Título Discursos del Señor Presidente de la República
Mención de responsabilidad, etc. General Fidel Sánchez Hernández
Número de parte o sección de la obra Tomo I
Nombre de parte o sección de la obra Julio 1°. 1967 - junio 30 1968
260 ## - PUBLICACIÓN, DISTRIBUCIÓN, ETC. (PIE DE IMPRENTA)
Lugar de publicación, distribución, etc. San Salvador
Nombre del editor, distribuidor, etc. Casa Presidencial, Publicaciones del Departamento de Relaciones Públicas
Fecha de publicación, distribución, etc. [1969?]
300 ## - DESCRIPCIÓN FÍSICA
Extensión 116 p.
Dimensiones 24 cm
651 #4 - PUNTO DE ACCESO ADICIONAL DE MATERIA - NOMBRE GEOGRÁFICO
9 (RLIN) 3231
Nombre geográfico El Salvador
Subdivisión de materia general Historia
Subdivisión cronológica 1967-1972
942 ## - ENTRADA DE ELEMENTOS AGREGADOS (KOHA)
Fuente de clasificaión o esquema Dewey Decimal Classification
Koha [por defecto] tipo de item 1- Monografias
Existencias
Suprimido Perdido Fuente de clasificación o esquema Estropeado Restricciones de uso No para préstamo Código de colección Localización permanente Localización actual Localización en estanter&íacute;as Fecha adquisición Fuente de adquisición Número de inventario Préstamos totales Signatura completa Código de barras Fecha última consulta Coste, precio reemplazado Fecha del precio de reemplazo Tipo de item de Koha
NULL NULL Dewey Decimal Classification NULL Prestable NULL NULL Biblioteca Miguel de Cervantes - UNICAES Biblioteca Miguel de Cervantes - UNICAES Sala Principal 13/08/2013 Donación - Mayorga Rivas 002324   972.84052 SAN dis 1002324 13/08/2013 30.00 13/08/2013 1- Monografias